Výhody a nevýhody alternatívnych zdrojov financovania

Charakteristika niektorých foriem financovania: lízing, faktoring, forfaiting, franchising, projektové financovanie.

Enregistré dans:
Détails bibliographiques
Auteur principal: Neupauerová, Zuzana
Format: Chapitre de livre
Langue:slovaque
Sujets:
Tags: Ajouter un tag
Pas de tags, Soyez le premier à ajouter un tag!

MARC

LEADER 00000nla a2200000 4500
001 0178565
005 20240502073032.6
041 0 |a slo 
044 |a SK 
245 1 0 |a Výhody a nevýhody alternatívnych zdrojov financovania  |c Zuzana Neupauerová 
520 |a Charakteristika niektorých foriem financovania: lízing, faktoring, forfaiting, franchising, projektové financovanie. 
610 2 0 |a financie 
610 2 0 |a financovanie 
610 2 0 |a lízing 
610 2 0 |a faktoring 
610 2 0 |a forfaiting 
610 2 0 |a franšíza 
610 2 0 |a projekty 
100 1 |a Neupauerová, Zuzana